00411nam a2200169 a 450000100060000000300090000600800410001502000150005604000280007108200190009910000170011824500140013526000430014930000110019249000210020365000170022420046CO-ViMGA141112s2004 ck r 000 u spa d a8440678924 aCO-ViMGAbspacCO-ViMGA04a894.3533 K351h1 aKemal, Yasar10aEl Halcon aBarcelona : bEdiciones B.S.A., c1997 a367 p. aTiempos modernos14aNOVELA TURCA